000 00515cam a22002054a 4500
005 20250605164246.0
008 250528s ||||||||||||||||||||||||d
035 _a21523
020 _a9780395790847
040 _aGR-AtMCL
_bgre
_dGR-AtMCL
_eAACR2
245 1 _aBUSINESS ETHICS: ETHICAL DECISION MAKING AND CASES
250 _a1
260 _bHoughton Mifflin,
_c1997
300 _a356
700 1 _aFerrell O.C
_91589
700 1 _aFraedrich John
_97519
942 _cBK
999 _c6585
_d6585